000 00540nam a2200169Ia 4500
008 240729s9999 xx 000 0 und d
022 _a2536-9814
245 0 _aEgyptian Journal of Aquatic Biology and Fisheries
260 _aEgypt
260 _bEgyptian Society for the Development of Fisheries and Human Health
650 _a Aquaculture. Fisheries. Angling | Science
650 _a Biology (General)
650 _aAgriculture
856 _uhttps://doaj.org/toc/11b69085eaf34fccb3c885b3fa084bfd
942 _2ddc
942 _cDOAJEJ
999 _c69590
_d69590
945 _a1
_bMadushi Gamage
_c1
_dMadushi Gamage